[Event "Biel Master Tournament"]
[Site "Biel"]
[Date "2011.07.25"]
[Round "7"]
[White "Bu, Xiangzhi"]
[Black "Edouard, Romain"]
[Result "1/2-1/2"]
[WhiteElo "2675"]
[BlackElo "2587"]
[PlyCount "79"]
[EventDate "2011.??.??"]
[EventCountry "SUI"]

1. c4 c5 2. Nf3 Nc6 3. Nc3 Nf6 4. g3 d5 5. d4 e6 6. cxd5 Nxd5 7. Bg2 cxd4 8.
Nxd4 Nxc3 9. bxc3 Nxd4 10. Qxd4 Qxd4 11. cxd4 Bd6 12. O-O Rb8 13. e4 b6 14. Bb2
f6 15. f4 Bb7 16. e5 Bxg2 17. Kxg2 Be7 18. Rac1 Kd7 19. d5 exd5 20. e6+ Kxe6
21. Rc7 Bc5 22. Re1+ Kd6 23. Ree7 d4 24. Bxd4 Bxd4 25. Red7+ Ke6 26. Rxd4 Rbd8
27. Ra4 g5 28. fxg5 fxg5 29. Raxa7 Rd2+ 30. Kf3 Rxh2 31. Rc6+ Kd5 32. Rxb6 Rf8+
33. Kg4 h5+ 34. Kxg5 Rg8+ 35. Rg6 Rg2 36. Ra5+ Kc4 37. Ra3 Rxg6+ 38. Kxg6 h4
39. Ra4+ Kb5 40. Rxh4 1/2-1/2

[Event "Biel Master Tournament"]
[Site "Biel"]
[Date "2011.07.25"]
[Round "7"]
[White "Grachev, Boris"]
[Black "Kovchan, Alexander"]
[Result "0-1"]
[WhiteElo "2680"]
[BlackElo "2554"]
[PlyCount "146"]
[EventDate "2011.??.??"]
[EventCountry "SUI"]

1. Nf3 c5 2. c4 g6 3. g3 Bg7 4. Bg2 Nc6 5. O-O d6 6. Nc3 e5 7. a3 a5 8. Ne1 Be6
9. d3 Nge7 10. Nc2 d5 11. cxd5 Nxd5 12. Bd2 O-O 13. Rb1 a4 14. Ne4 b6 15. Ng5
Bc8 16. Ne3 Nde7 17. Nc4 Rb8 18. f4 b5 19. Nxe5 Nxe5 20. fxe5 Bxe5 21. Nf3 Bg7
22. Bf4 Rb6 23. Qc2 Bb7 24. e4 c4 25. dxc4 bxc4 26. Rfd1 Qa8 27. Qxc4 Bxe4 28.
Ne1 Re6 29. Kh1 Rc8 30. Qf1 Nd5 31. Rbc1 Rce8 32. Rd2 Nxf4 33. gxf4 Rb8 34.
Bxe4 Rxe4 35. Ng2 Bh6 36. Rf2 Qb7 37. Rd1 Re3 38. f5 Rh3 39. fxg6 hxg6 40. Qc4
Qb3 41. Qxb3 Rhxb3 42. Rd7 Rc8 43. Rdxf7 Rc1+ 44. Rf1 Rxb2 45. Rxc1 Bxc1 46.
Rd7 Ra2 47. Nh4 g5 48. Nf5 Rxa3 49. Kg2 Ra2+ 50. Kg3 a3 51. Ra7 Rc2 52. h4 a2
53. Kg4 gxh4 54. Nd4 Rc4 55. Rxa2 Rxd4+ 56. Kh3 Bg5 57. Rg2 Rd5 58. Kg4 Kf7 59.
Ra2 Bf6 60. Ra3 Kg6 61. Rf3 Rd1 62. Rb3 Rd4+ 63. Kh3 Kg5 64. Rf3 Be5 65. Rb3
Bf4 66. Ra3 Re4 67. Ra5+ Be5 68. Ra3 Rg4 69. Ra5 Rg3+ 70. Kh2 Re3+ 71. Kg2 h3+
72. Kf2 h2 73. Kxe3 Kf5 0-1

[Event "Biel Master Tournament"]
[Site "Biel"]
[Date "2011.07.25"]
[Round "7"]
[White "Rodshtein, Maxim"]
[Black "Shankland, Samuel"]
[Result "1-0"]
[WhiteElo "2637"]
[BlackElo "2539"]
[PlyCount "79"]
[EventDate "2011.??.??"]
[EventCountry "SUI"]

1. d4 d5 2. c4 c6 3. Nf3 Nf6 4. Nc3 dxc4 5. a4 Bf5 6. Ne5 Nbd7 7. Nxc4 Qc7 8.
g3 e5 9. dxe5 Nxe5 10. Bf4 Nfd7 11. Bg2 g5 12. Ne3 gxf4 13. Nxf5 O-O-O 14. Qc2
Ng6 15. O-O-O Kb8 16. Ne4 Bb4 17. Rd4 a5 18. Rhd1 Nb6 19. Nc5 Rxd4 20. Rxd4
Bxc5 21. Qxc5 Re8 22. Bf3 Re5 23. Qc2 Qc8 24. Nd6 Qe6 25. Kb1 Rd5 26. Rxd5 Nxd5
27. Qc5 Nb4 28. Nc4 Qh3 29. Qd6+ Ka7 30. Qd4+ Kb8 31. Qd8+ Qc8 32. Qxc8+ Kxc8
33. Nd6+ Kc7 34. Nxf7 Na6 35. Be4 Nc5 36. Bc2 fxg3 37. hxg3 Nf8 38. f4 Kd7 39.
Ne5+ Ke6 40. Nc4 1-0

[Event "Biel Master Tournament"]
[Site "Biel"]
[Date "2011.07.25"]
[Round "7"]
[White "Miezis, Normunds"]
[Black "Baklan, Vladimir"]
[Result "1-0"]
[WhiteElo "2520"]
[BlackElo "2620"]
[PlyCount "61"]
[EventDate "2011.??.??"]
[EventCountry "SUI"]

1. c4 e6 2. e4 c5 3. Nc3 Nc6 4. Nf3 Nf6 5. Be2 b6 6. O-O Bb7 7. d4 cxd4 8. Nxd4
Qb8 9. Nxc6 Bxc6 10. Qd3 Bc5 11. Be3 O-O 12. Rad1 Rd8 13. Bxc5 bxc5 14. Rd2 e5
15. Rfd1 Qb7 16. f3 d6 17. Qe3 Ne8 18. Nb5 Qb6 19. b3 Bxb5 20. cxb5 Nc7 21. a4
Ne6 22. Bc4 Nd4 23. f4 exf4 24. Qxf4 Rd7 25. Qf2 Rf8 26. Rd3 Qd8 27. Rh3 Kh8
28. g4 g5 29. Qg3 f6 30. Rh6 Rg8 31. h4 {Rest unleserlich} 1-0

[Event "Biel Master Tournament"]
[Site "Biel"]
[Date "2011.07.25"]
[Round "7"]
[White "Stevic, Hrvoje"]
[Black "Paikidze, Nazi"]
[Result "1-0"]
[WhiteElo "2619"]
[BlackElo "2416"]
[PlyCount "91"]
[EventDate "2011.??.??"]
[EventCountry "SUI"]

1. e4 c6 2. Nc3 d5 3. Qe2 g6 4. exd5 Nf6 5. dxc6 Nxc6 6. Nf3 Bg4 7. Qd1 Nd4 8.
Be2 Nxe2 9. Qxe2 Bg7 10. Qb5+ Qd7 11. Ne5 Qxb5 12. Nxb5 Rc8 13. Nxg4 Nxg4 14.
h3 Ne5 15. d4 Nd7 16. c3 a6 17. Na3 e5 18. Be3 exd4 19. Bxd4 Bxd4 20. cxd4 b5
21. Kd2 Nb6 22. Rac1 Kd7 23. b3 Nd5 24. Nc2 h5 25. Ne3 Nf4 26. h4 Rhd8 27. g3
Ne6 28. Kd3 Kd6 29. Rhe1 Rc7 30. Rxc7 Nxc7 31. Rc1 Re8 32. a4 Rb8 33. a5 Re8
34. f4 f5 35. Rc5 Ne6 36. Rd5+ Kc6 37. Re5 Kd6 38. Nc2 Rc8 39. Nb4 Rc1 40. Rd5+
Ke7 41. Nxa6 Rd1+ 42. Kc3 Rg1 43. Nc5 Rxg3+ 44. Kb4 Nxf4 45. Rd7+ Ke8 46. a6
1-0

[Event "Biel Master Tournament"]
[Site "Biel"]
[Date "2011.07.25"]
[Round "7"]
[White "Al-Sayed, Mohammed"]
[Black "Sokolov, Andrei"]
[Result "1-0"]
[WhiteElo "2498"]
[BlackElo "2579"]
[PlyCount "95"]
[EventDate "2011.??.??"]
[EventCountry "SUI"]
[BlackTeam "Belfort"]

1. d4 Nf6 2. c4 e6 3. Nc3 Bb4 4. Qc2 c5 5. dxc5 O-O 6. a3 Bxc5 7. Nf3 b6 8. Bf4
Bb7 9. Rd1 Nc6 10. b4 Nh5 11. Bc1 Be7 12. g4 Nf6 13. Rg1 Rc8 14. g5 Nh5 15. Bh3
g6 16. Bb2 Nxb4 17. axb4 Bxf3 18. exf3 Rxc4 19. Rg4 Rxb4 20. Ne4 Qc8 21. Qd2 a5
22. Nf6+ Nxf6 23. gxf6 Rxb2 24. Qxb2 Bb4+ 25. Kf1 d5 26. Rc1 Qb8 27. Rxb4 axb4
28. Qxb4 Re8 29. f4 h6 30. Kg1 Kh7 31. Rc6 b5 32. Bf1 g5 33. Bxb5 e5 34. Rb6
Qxb6 35. Bd3+ e4 36. Qxb6 exd3 37. Qb5 d2 38. Qxd5 Re6 39. Qd3+ Kg8 40. Qxd2
Rxf6 41. fxg5 hxg5 42. Qxg5+ Rg6 43. Qg3 Kg7 44. Kg2 Kf6 45. Kf3 Rxg3+ 46. fxg3
Kg5 47. h4+ Kf5 48. g4+ 1-0

[Event "Biel Master Tournament"]
[Site "Biel"]
[Date "2011.07.25"]
[Round "7"]
[White "Saleh, Salem A. R"]
[Black "Cheparinov, Ivan"]
[Result "1/2-1/2"]
[WhiteElo "2493"]
[BlackElo "2669"]
[PlyCount "93"]
[EventDate "2011.??.??"]
[EventCountry "SUI"]

1. d4 Nf6 2. c4 g6 3. Nc3 d5 4. Nf3 Bg7 5. Qa4+ Bd7 6. Qb3 dxc4 7. Qxc4 O-O 8.
Bf4 Na6 9. e4 c5 10. e5 Nh5 11. Be3 cxd4 12. Qxd4 Bc6 13. Be2 Qa5 14. O-O Nb4
15. Qc5 Qxc5 16. Bxc5 Nd5 17. Nxd5 Bxd5 18. Be3 f6 19. Rfd1 e6 20. g4 fxe5 21.
gxh5 Bxf3 22. Bxf3 Rxf3 23. hxg6 hxg6 24. Rd7 Rf7 25. Rad1 b6 26. Rxf7 Kxf7 27.
Rd7+ Kf6 28. h4 Bf8 29. Bg5+ Kf5 30. Rf7+ Ke4 31. Kg2 Bc5 32. f3+ Kd5 33. Rd7+
Kc4 34. Rg7 Bd4 35. Rxg6 Bxb2 36. Bf6 Bd4 37. Rg4 Kd5 38. h5 Be3 39. Bg7 Rc8
40. h6 Rc2+ 41. Kh3 Rc1 42. Kh2 Rc2+ 43. Rg2 Bf4+ 44. Kh3 Rxg2 45. Kxg2 Bxh6
46. Bxh6 e4 47. Kf2 1/2-1/2

[Event "Biel Master Tournament"]
[Site "Biel"]
[Date "2011.07.25"]
[Round "7"]
[White "Gleizerov, Evgeny"]
[Black "Weber, Tom"]
[Result "1/2-1/2"]
[WhiteElo "2590"]
[BlackElo "2324"]
[PlyCount "115"]
[EventDate "2011.??.??"]
[EventCountry "SUI"]

1. d4 d5 2. c4 e5 3. e3 exd4 4. exd4 Nf6 5. Nf3 Bb4+ 6. Nc3 O-O 7. Be2 dxc4 8.
Bxc4 Bg4 9. O-O Nc6 10. Be3 Bd6 11. h3 Bh5 12. a3 a6 13. Be2 Re8 14. Qb3 b5 15.
Rad1 Na5 16. Qa2 Nc4 17. Bxc4 bxc4 18. Qxc4 Bxf3 19. gxf3 Nh5 20. d5 f5 21.
Rfe1 Qf6 22. Qf1 h6 23. Kh1 Kf7 24. Qc4 Qe5 25. f4 Nxf4 26. Bxf4 Qxf4 27. Qxf4
Bxf4 28. Rxe8 Rxe8 29. Rd4 Be5 30. Rc4 Rb8 31. b4 Ke7 32. Kg2 a5 33. bxa5 Ra8
34. Nb5 Rxa5 35. a4 g5 36. f3 Kd7 37. Kf2 Ra8 38. Ke3 Ra6 39. h4 Ra8 40. h5 Ra6
41. Kd3 Ra5 42. Ke3 Ra6 43. Kd3 Ra5 44. Kc2 Ra6 45. Kb3 c6 46. dxc6+ Rxc6 47.
Rb4 Rc1 48. Rc4 Rf1 49. a5 Rxf3+ 50. Kb4 Rf4 51. Rxf4 Bxf4 52. Nd4 Bd6+ 53. Kc4
f4 54. Kd3 Kc8 55. a6 Kb8 56. Ke4 Bf8 57. Ne6 Be7 58. Nxf4 1/2-1/2

[Event "Biel Master Tournament"]
[Site "Biel"]
[Date "2011.07.25"]
[Round "7"]
[White "Holzke, Frank"]
[Black "Maze, Sebastien"]
[Result "1-0"]
[WhiteElo "2497"]
[BlackElo "2578"]
[PlyCount "47"]
[EventDate "2011.??.??"]
[EventCountry "SUI"]

1. e4 e5 2. Nf3 Nc6 3. Bc4 Bc5 4. O-O Nf6 5. d4 Bxd4 6. Nxd4 Nxd4 7. f4 d6 8.
fxe5 dxe5 9. Bg5 Be6 10. Na3 Qe7 11. c3 Bxc4 12. Bxf6 gxf6 13. Nxc4 Ne6 14. Ne3
Qc5 15. Qd2 Rd8 16. Qf2 Ng5 17. Rae1 Nxe4 18. Qh4 Nd6 19. b4 Qc6 20. Rxf6 Qe4
21. Ng4 Qc4 22. Rff1 f5 23. Rxf5 Nxf5 24. Nf6+ 1-0

[Event "Biel Master Tournament"]
[Site "Biel"]
[Date "2011.07.25"]
[Round "7"]
[White "Cherniaev, Alexander"]
[Black "Ulibin, Mikhail"]
[Result "0-1"]
[WhiteElo "2440"]
[BlackElo "2538"]
[PlyCount "99"]
[EventDate "2011.??.??"]
[EventCountry "SUI"]
[WhiteTeam "Arkhangelsk"]

1. f4 d5 2. b3 Nc6 3. Bb2 Bg4 4. g3 f6 5. Nh3 e5 6. Nf2 Bh5 7. Bh3 Bd6 8. fxe5
fxe5 9. c4 Nf6 10. cxd5 Nd4 11. Nc3 O-O 12. O-O Bb4 13. Re1 Bc5 14. Na4 Qxd5
15. Bg2 Qd6 16. Nxc5 Qxc5 17. Rc1 Qb6 18. Bxd4 exd4 19. Qc2 c6 20. Bf3 Bg6 21.
Nd3 Nd7 22. Qc4+ Kh8 23. Nf4 Bf7 24. Qa4 Ne5 25. Bg2 a5 26. Nd3 Rfe8 27. Nc5
Rad8 28. Rf1 Bd5 29. Bh3 d3 30. e4 Bg8 31. Kh1 Re7 32. Rf5 Qa7 33. Qa3 b6 34.
Na4 Rde8 35. Bg2 h6 36. Rff1 Qb8 37. Qb2 Rd7 38. Qa1 Qd8 39. Rf5 Rd4 40. Rcf1
Kh7 41. Rf8 Rxf8 42. Rxf8 Qxf8 43. Qxd4 Qa3 44. h3 Qxa2 45. Qxe5 Qxd2 46. Nxb6
Qf2 47. Na4 d2 48. Nc3 Bxb3 49. Qxa5 Qe1+ 50. Kh2 0-1

[Event "Biel Master Tournament"]
[Site "Biel"]
[Date "2011.07.25"]
[Round "7"]
[White "Bogner, Sebastian"]
[Black "Barus, Cerdas"]
[Result "1-0"]
[WhiteElo "2528"]
[BlackElo "2420"]
[PlyCount "97"]
[EventDate "2011.??.??"]
[EventCountry "SUI"]
[WhiteTeam "Waldshut.Tiengen"]

1. d4 Nf6 2. c4 e6 3. Nc3 Bb4 4. Qc2 b6 5. a3 Bxc3+ 6. Qxc3 Bb7 7. f3 d5 8. Bg5
Nbd7 9. cxd5 exd5 10. e3 O-O 11. Bd3 Re8 12. Ne2 h6 13. Bh4 c5 14. O-O Qe7 15.
Bf2 Rac8 16. Qd2 Nh5 17. Rae1 a6 18. Kh1 Qd6 19. Rg1 g6 20. Bb1 Qf6 21. Nc3 Qg5
22. Rd1 c4 23. Rde1 b5 24. Rgf1 Nb6 25. g4 Ng7 26. Bg3 h5 27. h3 Rc6 28. Kh2
Rce6 29. f4 Qh6 30. g5 Qh8 31. f5 Nxf5 32. Bxf5 gxf5 33. Rxf5 Qh7 34. Ref1 R8e7
35. R1f3 Rxe3 36. Rxf7 Rxf7 37. Rxe3 Bc8 38. Be5 Qf5 39. Bf6 Nd7 40. Qg2 Bb7
41. Ne2 a5 42. Bd8 b4 43. axb4 axb4 44. g6 Rf8 45. Be7 Re8 46. Ng3 Qf4 47. Bg5
Qb8 48. Qf3 Rf8 49. Qxh5 1-0

[Event "Biel Master Tournament"]
[Site "Biel"]
[Date "2011.07.25"]
[Round "7"]
[White "Filipovic, Branko"]
[Black "Bakre, Tejas"]
[Result "1/2-1/2"]
[WhiteElo "2421"]
[BlackElo "2522"]
[PlyCount "73"]
[EventDate "2011.??.??"]
[EventCountry "SUI"]
[WhiteTeam "Basel"]

1. e4 c6 2. Nc3 d5 3. Nf3 Bg4 4. h3 Bxf3 5. Qxf3 e6 6. d4 dxe4 7. Qxe4 Nf6 8.
Qe3 Bb4 9. Bd2 Nd5 10. Nxd5 Bxd2+ 11. Qxd2 Qxd5 12. c4 Qd6 13. O-O-O Nd7 14. g3
O-O 15. Bg2 Rfd8 16. Qc2 Qb4 17. a3 Qb6 18. Rd3 Nf6 19. Rhd1 Rd7 20. Qc3 Rad8
21. Kb1 Qa6 22. Ka2 h6 23. b3 b5 24. Kb2 Qb6 25. Kc2 a5 26. c5 Qc7 27. Qe1 Nd5
28. f4 Re8 29. R1d2 Qd8 30. h4 Qf6 31. Re2 b4 32. Bxd5 Rxd5 33. axb4 Rxd4 34.
Rxd4 Qxd4 35. Qc3 Qg1 36. Qe1 Qd4 37. Qc3 1/2-1/2

[Event "Biel Master Tournament"]
[Site "Biel"]
[Date "2011.07.25"]
[Round "7"]
[White "Khmelniker, Ilya"]
[Black "Pruess, David"]
[Result "1/2-1/2"]
[WhiteElo "2510"]
[BlackElo "2363"]
[PlyCount "55"]
[EventDate "2011.??.??"]
[EventCountry "SUI"]

1. d4 Nf6 2. Nf3 e6 3. c4 b6 4. Nc3 Bb7 5. a3 Be7 6. d5 O-O 7. g3 b5 8. dxe6
bxc4 9. exf7+ Rxf7 10. Bg2 Na6 11. O-O Rf8 12. b3 Ne4 13. Nxe4 Bxe4 14. Bb2
cxb3 15. Qd4 Bf6 16. Qxe4 Bxb2 17. Rab1 Qf6 18. Qc4+ Kh8 19. Nd2 Rab8 20. Ne4
d5 21. Qxd5 Qe5 22. Qc4 Rb6 23. Rfd1 Bxa3 24. Rxb3 Rxb3 25. Qxb3 Be7 26. f4 Nc5
27. Qb5 Qe6 28. Nxc5 1/2-1/2

[Event "Biel Master Tournament"]
[Site "Biel"]
[Date "2011.07.25"]
[Round "7"]
[White "Novita, Anjas"]
[Black "Bok, Benjamin"]
[Result "1/2-1/2"]
[WhiteElo "2314"]
[BlackElo "2507"]
[PlyCount "83"]
[EventDate "2011.??.??"]
[EventCountry "SUI"]

1. e4 e5 2. Nf3 Nc6 3. Bb5 a6 4. Ba4 b5 5. Bb3 Na5 6. O-O d6 7. d4 exd4 8. e5
Nxb3 9. axb3 c5 10. Re1 Be7 11. b4 dxe5 12. Nxe5 Be6 13. bxc5 Qd5 14. b4 Bf6
15. Ng4 Ne7 16. Nxf6+ gxf6 17. Nd2 Rg8 18. Ne4 Rg6 19. Qf3 f5 20. Nd6+ Kd7 21.
Qxd5 Nxd5 22. Bd2 f4 23. Re4 Rg4 24. Rae1 Rag8 25. g3 fxg3 26. hxg3 h5 27. Ra1
Nc7 28. Bf4 Nd5 29. Bd2 Nc7 30. Rf4 Rxf4 31. Bxf4 Bd5 32. Nf5 Ne6 33. Bc1 Be4
34. Nd6 Bxc2 35. Rxa6 h4 36. Nxb5 hxg3 37. c6+ Ke7 38. Ra7+ Kf6 39. Nxd4 Nxd4
40. Bb2 Ke6 41. Bxd4 Kd5 42. Bc5 1/2-1/2

[Event "Biel Master Tournament"]
[Site "Biel"]
[Date "2011.07.25"]
[Round "7"]
[White "Nyzhnyk, Illya"]
[Black "Lederer, Yoav"]
[Result "1-0"]
[WhiteElo "2589"]
[BlackElo "2319"]
[PlyCount "81"]
[EventDate "2011.??.??"]
[EventCountry "SUI"]

1. d4 Nf6 2. c4 e6 3. Nf3 Bb4+ 4. Nbd2 b6 5. a3 Bxd2+ 6. Bxd2 h6 7. g3 Bb7 8.
Bg2 d6 9. O-O O-O 10. b4 Nbd7 11. Bc3 Be4 12. Qd2 a6 13. a4 Qb8 14. Bb2 Qb7 15.
Rac1 Rfd8 16. Rfd1 c6 17. Qf4 Nf8 18. Qe3 d5 19. cxd5 cxd5 20. b5 Bxf3 21. Bxf3
axb5 22. axb5 Rdc8 23. h4 Rxc1 24. Rxc1 Rc8 25. Ba3 Qd7 26. Rxc8 Qxc8 27. Be7
Ne8 28. Qd3 Qd7 29. Bb4 Nh7 30. e3 Nhf6 31. Be2 Ne4 32. Qa3 N8f6 33. Qa8+ Kh7
34. Qb8 g5 35. hxg5 hxg5 36. Qxb6 Kg7 37. Qb8 Ne8 38. Kg2 N4d6 39. b6 Qc6 40.
Bxd6 Nxd6 41. Qc7 1-0

[Event "Biel Master Tournament"]
[Site "Biel"]
[Date "2011.07.26"]
[Round "8"]
[White "Stevic, Hrvoje"]
[Black "Bu, Xiangzhi"]
[Result "1/2-1/2"]
[WhiteElo "2619"]
[BlackElo "2675"]
[PlyCount "33"]
[EventDate "2011.??.??"]
[EventCountry "SUI"]

1. e4 c5 2. c3 d5 3. exd5 Qxd5 4. d4 Nc6 5. Nf3 Bg4 6. Be2 cxd4 7. cxd4 e6 8.
O-O Nf6 9. h3 Bh5 10. Nc3 Qd6 11. Qb3 Be7 12. Rd1 Rd8 13. Qxb7 O-O 14. Nb5 Qd5
15. Nc3 Qd6 16. Nb5 Qd5 17. Nc3 1/2-1/2

[Event "Biel Master Tournament"]
[Site "Biel"]
[Date "2011.07.26"]
[Round "8"]
[White "Edouard, Romain"]
[Black "Rodshtein, Maxim"]
[Result "1/2-1/2"]
[WhiteElo "2587"]
[BlackElo "2637"]
[PlyCount "35"]
[EventDate "2011.??.??"]
[EventCountry "SUI"]

1. d4 Nf6 2. c4 g6 3. f3 d5 4. cxd5 Nxd5 5. e4 Nb6 6. Nc3 Bg7 7. Be3 O-O 8. f4
Nc6 9. d5 Nb8 10. Bd4 Bxd4 11. Qxd4 c6 12. O-O-O cxd5 13. exd5 e6 14. dxe6 Qxd4
15. exf7+ Rxf7 16. Rxd4 Nc6 17. Rd2 Rxf4 18. Bb5 1/2-1/2

[Event "Biel Master Tournament"]
[Site "Biel"]
[Date "2011.07.26"]
[Round "8"]
[White "Brkic, Ante"]
[Black "Saleh, Salem A. R"]
[Result "1-0"]
[WhiteElo "2598"]
[BlackElo "2493"]
[PlyCount "85"]
[EventDate "2011.??.??"]
[EventCountry "SUI"]

1. e4 c5 2. d3 Nc6 3. f4 g6 4. Nf3 Bg7 5. Be2 d6 6. O-O e6 7. c3 Nge7 8. Be3
O-O 9. d4 b6 10. dxc5 dxc5 11. Na3 Bb7 12. Nb5 Qb8 13. a4 a6 14. Na3 Qc7 15.
Nc4 Nc8 16. Qe1 Na5 17. Nxa5 bxa5 18. Nd2 Nd6 19. Bf3 Rab8 20. Qf2 Rfc8 21. g4
e5 22. f5 Bc6 23. b3 c4 24. bxc4 Rb2 25. Qe1 Rc2 26. c5 Nb7 27. Nc4 Nxc5 28.
Bxc5 Bb7 29. Qe3 Qxc5 30. Qxc5 Rxc5 31. Nd6 Bc6 32. Rab1 Bf8 33. Rb8 R2xc3 34.
fxg6 hxg6 35. Bd1 f5 36. gxf5 Rd3 37. fxg6 Rxd6 38. Rbxf8+ Kg7 39. Bh5 Bxe4 40.
R1f7+ Kh6 41. Rh8+ Kg5 42. h4+ Kxh4 43. g7 1-0

[Event "Biel Master Tournament"]
[Site "Biel"]
[Date "2011.07.26"]
[Round "8"]
[White "Ulibin, Mikhail"]
[Black "Holzke, Frank"]
[Result "1/2-1/2"]
[WhiteElo "2538"]
[BlackElo "2497"]
[PlyCount "89"]
[EventDate "2011.??.??"]
[EventCountry "SUI"]

1. e4 e5 2. Nf3 Nc6 3. Bb5 a6 4. Ba4 Nf6 5. O-O Bc5 6. c3 b5 7. Bc2 d5 8. d4
dxe4 9. Nxe5 Nxe5 10. dxe5 Qxd1 11. Rxd1 Ng4 12. Bxe4 Nxf2 13. Bc6+ Ke7 14. Rd5
Bb6 15. Bxa8 Nd3+ 16. Kf1 Nxc1 17. Na3 Be6 18. Rxc1 Rxa8 19. Rd3 Bf5 20. Rg3
Rd8 21. Nc2 c5 22. Ke2 Bc7 23. Ne1 Bxe5 24. Re3 Kf6 25. g3 Be6 26. Nd3 Bg4+ 27.
Ke1 Bc7 28. Nxc5 Bb6 29. b4 Rd5 30. Re4 Bxc5 31. bxc5 Be6 32. a3 Rxc5 33. Kd2
g5 34. Rf1+ Ke7 35. Rfe1 Kf6 36. Rd4 a5 37. Rf1+ Kg7 38. Rd6 h6 39. Rf3 Re5 40.
Rf2 Bc4 41. Rd4 a4 42. h4 Kg6 43. Rd6+ Kg7 44. Rd8 Kg6 45. Rd6+ 1/2-1/2

[Event "Biel Master Tournament"]
[Site "Biel"]
[Date "2011.07.26"]
[Round "8"]
[White "Wirig, Anthony"]
[Black "Grachev, Boris"]
[Result "0-1"]
[WhiteElo "2510"]
[BlackElo "2680"]
[PlyCount "156"]
[EventDate "2011.??.??"]
[EventCountry "SUI"]

1. d4 d5 2. Nf3 Nf6 3. c4 e6 4. Nc3 Nbd7 5. Bf4 dxc4 6. e3 a6 7. a4 Bd6 8. Bg3
b6 9. Bxc4 Bb7 10. O-O O-O 11. Qe2 Bxg3 12. hxg3 c5 13. Rfd1 Qe7 14. Ne5 Rfd8
15. Nxd7 Rxd7 16. dxc5 Qxc5 17. Rxd7 Nxd7 18. Rd1 Nf6 19. Rd4 g6 20. Qd1 e5 21.
Rd6 Kg7 22. Be2 b5 23. axb5 axb5 24. Bxb5 Qb4 25. Rd2 h5 26. Be2 h4 27. g4 h3
28. Bf3 hxg2 29. Bxb7 Qxb7 30. g5 Nh7 31. Qg4 Ra1+ 32. Nd1 Qc6 33. Qxg2 Qa4 34.
b3 Qxb3 35. Qd5 Qxd5 36. Rxd5 Nxg5 37. Kg2 Kf6 38. Nc3 Ra6 39. Rb5 Rc6 40. Rb6
Rxb6 41. Nd5+ Ke6 42. Nxb6 Ne4 43. f3 Nd6 44. e4 Nb7 45. Nc4 Nc5 46. Kf2 Kf6
47. Ke3 Ne6 48. Kf2 Nf4 49. Ke3 Nh3 50. Ke2 Ke6 51. Ke3 Nf4 52. Kf2 Nd3+ 53.
Ke3 Nb4 54. Ke2 Kf6 55. Ke3 Nc6 56. Nd6 Na5 57. Kd3 Ke6 58. Nb5 Nb7 59. Ke3 Nd6
60. Nc7+ Kf6 61. Nd5+ Kg5 62. Kf2 Nb5 63. Ke3 Nd4 64. f4+ Kh4 65. fxe5 Ne6 66.
Kf3 Kh3 67. Ne3 g5 68. Kf2 g4 69. Nf5 Kh2 70. Ng3 Nc5 71. Nf5 Ne6 72. Ne3 g3+
73. Kf3 Kh3 74. Ke2 Nf4+ 75. Kf3 g2 76. Kf2 Kh2 77. Nxg2 Nxg2 78. Kf3 Kh3 0-1

[Event "Biel Master Tournament"]
[Site "Biel"]
[Date "2011.07.26"]
[Round "8"]
[White "Baklan, Vladimir"]
[Black "Novita, Anjas"]
[Result "1-0"]
[WhiteElo "2620"]
[BlackElo "2314"]
[PlyCount "49"]
[EventDate "2011.??.??"]
[EventCountry "SUI"]
[BlackTeam "Basel"]

1. e4 c5 2. Nf3 d6 3. d4 cxd4 4. Nxd4 Nf6 5. Nc3 a6 6. h3 b5 7. g4 Bb7 8. Bg2
e6 9. O-O b4 10. Nd5 exd5 11. exd5 Be7 12. g5 Nfd7 13. Nc6 Qc7 14. Nxe7 Kxe7
15. Qd4 Kf8 16. Bf4 a5 17. Rfe1 Ne5 18. Rxe5 Nd7 19. Re3 Rd8 20. Rae1 Bc8 21.
Re7 Kg8 22. Qe3 Rf8 23. Qg3 Qxc2 24. Bxd6 h6 25. Re8 1-0

[Event "Biel Master Tournament"]
[Site "Biel"]
[Date "2011.07.26"]
[Round "8"]
[White "Bakre, Tejas"]
[Black "Gleizerov, Evgeny"]
[Result "1/2-1/2"]
[WhiteElo "2522"]
[BlackElo "2590"]
[PlyCount "82"]
[EventDate "2011.??.??"]
[EventCountry "SUI"]

1. d4 e6 2. c4 f5 3. g3 Nf6 4. Bg2 c6 5. Nf3 d5 6. O-O Bd6 7. Nc3 O-O 8. Qc2
Bd7 9. Rb1 Be8 10. Ng5 Qd7 11. c5 Bc7 12. b4 a6 13. a4 h6 14. Nf3 Ne4 15. Bf4
Bxf4 16. gxf4 Qe7 17. Ne5 Nd7 18. Nxd7 Bxd7 19. e3 Nxc3 20. Qxc3 g5 21. Bf3 Rf7
22. Kh1 Rg7 23. Rg1 Kh7 24. Rg3 Rag8 25. Rbg1 g4 26. Be2 h5 27. R3g2 h4 28. h3
gxh3 29. Rxg7+ Rxg7 30. Qe1 Be8 31. Qf1 Kh6 32. Qxh3 Rxg1+ 33. Kxg1 Bh5 34. f3
Qg7+ 35. Kh2 Qg3+ 36. Qxg3 hxg3+ 37. Kxg3 Be8 38. Kh4 Kg6 39. Bd3 Bd7 40. e4
Be8 41. exd5 exd5 1/2-1/2

[Event "Biel Master Tournament"]
[Site "Biel"]
[Date "2011.07.26"]
[Round "8"]
[White "Pruess, David"]
[Black "Nyzhnyk, Illya"]
[Result "1/2-1/2"]
[WhiteElo "2363"]
[BlackElo "2589"]
[PlyCount "105"]
[EventDate "2011.??.??"]
[EventCountry "SUI"]

1. d4 Nf6 2. c4 g6 3. Nf3 Bg7 4. g3 O-O 5. Bg2 d6 6. O-O Nc6 7. Nc3 Bg4 8. h3
Bxf3 9. Bxf3 Nd7 10. e3 e5 11. d5 Ne7 12. Bg2 f5 13. e4 Nf6 14. Kh2 Qd7 15. Qd3
Rf7 16. Be3 Raf8 17. c5 f4 18. cxd6 cxd6 19. gxf4 Nh5 20. Bf3 Rxf4 21. Bg4 Rxg4
22. hxg4 Qxg4 23. Rg1 Qh4+ 24. Kg2 Bh6 25. Rad1 Bf4 26. Kf1 Bh2 27. Rg2 Rf3 28.
Qb5 Qh3 29. Ne2 Nf6 30. Qxb7 Kf7 31. Rc1 Rxe3 32. Rc7 Rd3 33. Rxe7+ Kf8 34. Ng3
Qg4 35. Rf7+ Kg8 36. Rg7+ Kh8 37. Rxh7+ Nxh7 38. Qb8+ Kg7 39. Nf5+ gxf5 40.
Qc7+ Kh6 41. Qxd6+ Kh5 42. Rxg4 fxg4 43. Qd7 Ng5 44. Qe8+ Kh6 45. d6 Nf3 46.
Qh8+ Kg5 47. Qg7+ Kh5 48. Qf7+ Kg5 49. Qf5+ Kh4 50. Qh7+ Kg5 51. Qg8+ Kh5 52.
Qf7+ Kg5 53. Qg7+ 1/2-1/2

[Event "Biel Master Tournament"]
[Site "Biel"]
[Date "2011.07.26"]
[Round "8"]
[White "Cheparinov, Ivan"]
[Black "Filipovic, Branko"]
[Result "1-0"]
[WhiteElo "2669"]
[BlackElo "2421"]
[PlyCount "32"]
[EventDate "2011.??.??"]
[EventCountry "SUI"]

1. d4 e6 2. c4 Bb4+ 3. Bd2 Bxd2+ 4. Qxd2 Nf6 5. g3 d5 6. Bg2 c6 7. Nf3 Ne4 8.
Qc2 Qa5+ 9. Nbd2 Nd7 10. O-O Nxd2 11. Nxd2 O-O 12. e4 dxe4 13. Bxe4 Rd8 14.
Rad1 Nf8 15. c5 Ng6 16. h4 h6 {Rest unleserlich} 1-0

[Event "Biel Master Tournament"]
[Site "Biel"]
[Date "2011.07.26"]
[Round "8"]
[White "Sokolov, Andrei"]
[Black "Bok, Benjamin"]
[Result "1/2-1/2"]
[WhiteElo "2579"]
[BlackElo "2507"]
[PlyCount "27"]
[EventDate "2011.??.??"]
[EventCountry "SUI"]
[WhiteTeam "Belfort"]

1. e4 e5 2. Nf3 Nc6 3. Bc4 Bc5 4. d3 Nf6 5. c3 a6 6. O-O Ba7 7. Nbd2 O-O 8. h3
d6 9. Bb3 Be6 10. Bc2 d5 11. Ng5 Bc8 12. Ngf3 Be6 13. Ng5 Bc8 14. Ngf3 1/2-1/2

[Event "Biel Master Tournament"]
[Site "Biel"]
[Date "2011.07.26"]
[Round "8"]
[White "Weber, Tom"]
[Black "Heimann, Andreas"]
[Result "1/2-1/2"]
[WhiteElo "2324"]
[BlackElo "2498"]
[PlyCount "84"]
[EventDate "2011.??.??"]
[EventCountry "SUI"]
[BlackTeam "Grenzach-Whylen"]

1. c4 Nf6 2. g3 g6 3. Bg2 Bg7 4. Nc3 O-O 5. e4 d6 6. Nge2 c5 7. O-O Nc6 8. d3
a6 9. h3 Rb8 10. a4 Ne8 11. Be3 Nc7 12. d4 cxd4 13. Nxd4 Ne6 14. Nde2 Nc5 15.
Rb1 f5 16. Kh2 Kh8 17. f4 Nxe4 18. Nxe4 fxe4 19. b3 Be6 20. Bxe4 Qd7 21. g4 b5
22. axb5 axb5 23. c5 d5 24. Bg2 Qc7 25. Qd2 Bg8 26. Nd4 Nxd4 27. Bxd4 e5 28.
fxe5 Bxe5+ 29. Kg1 Qg7 30. Bxe5 Qxe5 31. Rxf8 Rxf8 32. Re1 Qg7 33. Rd1 d4 34.
Qxd4 Bxb3 35. Qxg7+ Kxg7 36. Rb1 Bc4 37. Bb7 Rf7 38. c6 Rc7 39. Kf2 Kf6 40. Ke3
Ke5 41. Rd1 Bd5 42. Rb1 Bc4 1/2-1/2